Devinez la Capitale Mystère #125 - Statistiques

Statistiques générales
  • Ce quiz a été pris 120 fois
  • Le résultat moyen est 28 sur 32
Statistiques - réponses
Type de Réponse Réponse % Correct
Lettre Trouvée A
100%
Lettre de l'Alphabet I
100%
Lettre de l'Alphabet R
100%
Lettre de l'Alphabet S
100%
Lettre Bien Placée A
99%
Lettre de l'Alphabet P
99%
Lettre de l'Alphabet E
97%
Lettre de l'Alphabet N
97%
Lettre de l'Alphabet D
96%
Lettre de l'Alphabet L
95%
Lettre de l'Alphabet M
95%
Lettre Trouvée O
93%
Lettre de l'Alphabet C
92%
Lettre Trouvée K
91%
Lettre de l'Alphabet T
90%
Lettre Trouvée B
89%
Lettre Bien Placée B
87%
Lettre de l'Alphabet G
86%
Lettre Trouvée U
86%
Lettre Bien Placée K
85%
Lettre de l'Alphabet Y
83%
Lettre de l'Alphabet H
82%
Lettre de l'Alphabet W
80%
Lettre de l'Alphabet V
79%
Lettre de l'Alphabet X
79%
Lettre de l'Alphabet F
77%
Lettre de l'Alphabet J
77%
Lettre de l'Alphabet Z
77%
Lettre Bien Placée O
76%
Capitale Mystère Bakou
75%
Lettre de l'Alphabet Q
75%
Lettre Bien Placée U
75%
Aucun quiz correspondant
Distribution des résultats
% des personnes avec chaque résultat
Percentile par nombre de réponses
Votre historique - résultats
Vous n’avez pas pris ce quiz